• 首页
  • 本馆介绍
  • 公告通知
  • 最新文献
  • 馆藏检索
  • 电子资源
  • 读者导购
  • 参考咨询
  • 我的图书馆
  • 登录
  • 详细信息显示
  • 放入我的书架
  • 预约/预借图书
  • 作者相关作品
  • 分类相关作品
  • 丛书相关作品
  • 出版社相关作品

书目信息

  • 表格格式
  • 工作单格式
  • 卡片格式
题名:
我的奋斗
    
 
作者: 富兰克林 著 ;屈帮亚 译
分册:  
出版信息: 南京   江苏凤凰文艺出版社  2014
页数: 215页
开本: 21cm
丛书名: “他们的自传”丛书
单 册:
中图分类: B712.31
科图分类:
主题词:
电子资源:
ISBN: 978-7-5399-7387-6
000 01039nam0 2200265 450
001 339129
005 20150604093818.92
010    @a978-7-5399-7387-6@dCNY28.00
100    @a20140815d2014 em y0chiy50 ea
101 1  @achi@ceng
102    @aCN@b320000
105    @ay z 000ya
106    @ar
200 1  @a我的奋斗@Awo de fen dou@e富兰克林自传@f(美) 本杰明·富兰克林(Banjamin Franklin) 著@g屈帮亚译
210    @a南京@c江苏凤凰文艺出版社@d2014
215    @a215页@d21cm
225 1  @a“他们的自传”丛书
330    @a本书是美国著名政治家、思想家、发明家本杰明·富兰克林的自传。富兰克林在该书中讲述了自己自波士顿贫穷的家庭成长为在世界享有盛誉的美国建国元勋的奋斗历程, 分享了自己成功的经验, 朴素的话语中蕴涵深刻的人生哲理。
410  0 @12001 @a“他们的自传”丛书
600  0 @a富兰克林@c(Franklin, Banjamin@f1706-1790)@x自传
690    @aB712.31@v5
701  0 @c(美)@a富兰克林@Afu lan ke lin@c(Franklin, Benjamin@f1706 1790)@4著
702  0 @a屈帮亚@Aqu bang ya@4译
801  0 @aCN@b卓展宏图@c20150525
905    @dB712.31@e33@f5
    
    我的奋斗:富兰克林自传/(美) 本杰明·富兰克林(Banjamin Franklin) 著/屈帮亚译.-南京:江苏凤凰文艺出版社,2014
    215页;21cm.-(“他们的自传”丛书)
    
    
    ISBN 978-7-5399-7387-6:CNY28.00
    本书是美国著名政治家、思想家、发明家本杰明·富兰克林的自传。富兰克林在该书中讲述了自己自波士顿贫穷的家庭成长为在世界享有盛誉的美国建国元勋的奋斗历程, 分享了自己成功的经验, 朴素的话语中蕴涵深刻的人生哲理。
●
相关链接 在E读中查询图书 在五车中查询图书 在当当中查询图书 在豆瓣中查询图书


正题名:我的奋斗     索取号:B712.31/33         预约/预借

序号 登录号 条形码 馆藏地/架位号 状态 备注
1 859516   208595162   第一样本阅览室/ [索取号:B712.31/33] 在馆    
2 859517   208595171   教育系资料室/ [索取号:B712.31/33] 在馆    
3 859518   208595180   教育系资料室/ [索取号:B712.31/33] 在馆    
4 859519   208595199   第一借阅区/ [索取号:B712.31/33] 在馆    
5 859520   208595206   第一借阅区/ [索取号:B712.31/33] 在馆    
唐山师范学院图书馆 欢迎您!
大连网信软件有限公司© 版权所有